00691cam a22002173a 450000100060000000300060000600500170001200800410002904000150007004200070008505000070009210000310009924501290013026000290025950600300028851600200031865300260033870000380036483000290040285600420043119329PGUSA20140828083417.0060919s2006||||xxu|||||s|||||000 | eng d aPGUSAbeng adc 4aDA1 aO'Mahony, John,d1816-187714aThe Sunny Side of Ireland :bHow to see it by the Great Southern and Western Railwayh[electronic resource] /cJohn O'Mahony bProject Gutenberg,c2006 aPublic domain in the USA. aElectronic text aIreland -- Guidebooks1 aPraeger, Robert Lloyd,d1865-1953 0aProject Gutenbergv1932940uhttp://www.gutenberg.org/ebooks/19329